Statistics for States of Mexico

Click here to take the quiz!

General Stats

  • This quiz has been taken 38 times
  • The average score is 20 of 32

Answer Stats

Answer% Correct
Baja California
100%
Chihuahua
96%
Baja California Sur
86%
Yucatan
86%
Jalisco
79%
Oaxaca
79%
Sinaloa
79%
Durango
75%
Mexico
75%
Veracruz
75%
Zacatecas
75%
Nuevo Leon
71%
Queretaro
71%
Chiapas
68%
Hidalgo
68%
Puebla
68%
Quintana Roo
68%
Coahuila
64%
Sonora
64%
Nayarit
61%
Guanajuato
57%
Morelos
57%
Tamaulipas
57%
Michoacan
54%
San Luis Potosi
54%
Colima
50%
Tabasco
50%
Campeche
46%
Tlaxcala
46%
Ciudad de Mexico
25%
Aguascalientas
4%
Gurrero
4%

Score Distribution

Percentile by Number Answered

Percent of People with Each Score

Your Score History

You have not taken this quiz